La ciudad desvanecida (Record no. 145875)

MARC details
000 -LEADER
campo de control de longitud fija 00473nam a2200145 i 4500
001 - NÚMERO DE CONTROL
campo de control 145875
003 - IDENTIFICADOR DE NÚMERO DE CONTROL
campo de control ES-MaACL
007 - CAMPO FIJO DE DESCRIPCIÓN FÍSICA--INFORMACIÓN GENERAL
campo de control de longitud fija t|
008 - DATOS DE LONGITUD FIJA--INFORMACIÓN GENERAL
campo de control de longitud fija 071017s1953 sp ||||1| spa d
100 1# - ENTRADA PRINCIPAL--NOMBRE DE PERSONA
Nombre de persona Verdaguer, Mario.
9 (RLIN) 114001
245 13 - MENCIÓN DEL TÍTULO
Título La ciudad desvanecida
Resto del título : recuerdos de un socio del "Círculo Mallorquín" /
Mención de responsabilidad, etc. Mario Verdaguer.
260 ## - PUBLICACIÓN, DISTRIBUCIÓN, ETC.
Lugar de publicación, distribución, etc. Palma de Mallorca :
Nombre del editor, distribuidor, etc. [s.n.],
Fecha de publicación, distribución, etc. 1953 (
Fabricante Imp. Mossen Alcover)
300 ## - DESCRIPCIÓN FÍSICA
Extensión 219 p. ;
Dimensiones 16 cm.
852 ## - LOCALIZACIÓN
Ubicación ES-MaACL
Número de control de estantería C-8563
Sublocalización o colección R.34517
Holdings
Estatus retirado Estado de pérdida Estado de daño No para préstamo Biblioteca de origen Biblioteca actual Ubicación en estantería Fecha de adquisición Fuente de adquisición Total de préstamos Signatura topográfica completa Código de barras Visto por última vez Precio de reemplazo Tipo de ítem Koha
        Biblioteca del Ateneo de Madrid Biblioteca del Ateneo de Madrid Sala Palomar 17/01/2008     C-8563 1152266 23/02/2023 23/02/2023 Libro impreso